• 首页
  • 本馆介绍
  • 公告通知
  • 最新文献
  • 馆藏检索
  • 电子资源
  • 读者导购
  • 参考咨询
  • 我的图书馆
  • 登录
  • 详细信息显示
  • 放入我的书架
  • 预约/预借图书
  • 作者相关作品
  • 分类相关作品
  • 丛书相关作品
  • 出版社相关作品

书目信息

  • 表格格式
  • 工作单格式
  • 卡片格式
题名:
胡适传
    
 
作者: 易竹贤 著
分册:  
出版信息: 武汉   湖北人民出版社  2005
页数: 434页
开本: 23cm
丛书名:
单 册:
中图分类: K825.4=72
科图分类:
主题词:
电子资源:
ISBN: 7-216-02346-3
000 00799nam0 2200241 450
001 010020003112
005 20061210144459.89
010    @a7-216-02346-3@dCNY34.00
100    @a20050716d2005 em y0chiy0110 ea
101 0  @achi
102    @aCN@b420000
105    @aac z 000yb
200 1  @a胡适传@9hu shi zhuan@f易竹贤著
205    @a4版
210    @a武汉@c湖北人民出版社@d2005
215    @a434页@c图,肖像@d23cm
330    @a本书通过:少年时代、上海求“新学”、西乞医国术、在新文化运动洪流中、文学革命、整理国故与考证小说、在歧路上、欧美之行、《新月》的诤臣等章节的内容介绍了胡适的一生。
600  0 @a胡适@f1891~1962@x传记
600  0 @a胡适@f1891~1962
690    @aK825.4=72@v4
701  0 @a易竹贤@9yi zhu xian@4著
801  0 @aCN@bRENTIAN@c20061210
905    @a10447@dK825.4=72@e442=4YZ
    
    胡适传/易竹贤著.-4版.-武汉:湖北人民出版社,2005
    434页:图,肖像;23cm
    
    
    ISBN 7-216-02346-3:CNY34.00
    本书通过:少年时代、上海求“新学”、西乞医国术、在新文化运动洪流中、文学革命、整理国故与考证小说、在歧路上、欧美之行、《新月》的诤臣等章节的内容介绍了胡适的一生。
●
相关链接 在E读中查询图书 在五车中查询图书 在当当中查询图书 在豆瓣中查询图书


正题名:胡适传     索取号:K825.4=72/442=4YZ         预约/预借

序号 登录号 条形码 馆藏地/架位号 状态 备注
1 0389803   203898032   第二样本阅览室/ [索取号:K825.4=72/442=4YZ] 在馆    
2 0389804   203898041   密集书库/ [索取号:K825.4=72/442=4YZ] 在馆    
3 0389805   203898050   密集书库/ [索取号:K825.4=72/442=4YZ] 在馆    
4 0389806   203898069   第二借阅区/ [索取号:K825.4=72/442=4YZ] 在馆    
5 0389807   203898078   密集书库/ [索取号:K825.4=72/442=4YZ] 在馆    
6 0604642   206046429   第二借阅区/ [索取号:K825.4=72/442=4YZ] 在馆    
7 0604643   206046438   第二借阅区/ [索取号:K825.4=72/442=4YZ] 在馆    
8 0604644   206046447   密集书库/ [索取号:K825.4=72/442=4YZ] 在馆    
9 0604645   206046456   第二借阅区/ [索取号:K825.4=72/442=4YZ] 在馆    
10 0604646   206046465   密集书库/ [索取号:K825.4=72/442=4YZ] 在馆    
唐山师范学院图书馆 欢迎您!
大连网信软件有限公司© 版权所有